Sekolah lengkap bola sepak

Bibliographic Details
Main Author: Harvey, Gill
Format: Book
Published: Kuala Lumpur : Utusan Publications & Distributor , 2005
Subjects:

MARC

LEADER 00000cam a2200000 7i4500
001 0000014643
005 20080304.0
008 080304
020 |a 9676117366 
090 0 0 |a 796.3320202   |b HAR 
100 0 |a Harvey, Gill 
245 1 0 |a Sekolah lengkap bola sepak   |c Gill Harvey...[et.al] 
260 |a Kuala Lumpur :   |b Utusan Publications & Distributor ,   |c 2005 
650 0 |a Football   |x Handbooks manual, etc 
650 0 |a Football   |x Training   |x Handbooks, manual, etc 
650 0 |a Soccer   |x Rules   |x Handbooks, manual, etc 
999 |a 0000933368   |b Book   |c Adult Collection   |e Cawangan Tangkak 
999 |a 0000941287   |b Book   |c Adult Collection   |e Cawangan Taman Sri Lambak 
999 |a 0001014153   |b Book   |c Adult Collection   |e Perbadanan Perpustakaan Awam Johor 
999 |a 0001014154   |b Book   |c Adult Collection   |e Cawangan AEON Kulaijaya 
999 |a 0001014156   |b Book   |c Adult Collection   |e Perbadanan Perpustakaan Awam Johor 
999 |a 0001014157   |b Book   |c Adult Collection   |e Cawangan Tangkak 
999 |a 0001070269   |b Book   |c Adult Collection   |e Cawangan Muar